| 000 | 00387cam a2200157ua 4500 | ||
|---|---|---|---|
| 003 | OSt | ||
| 008 | 250108b |||||||| |||| 00| 0 eng d | ||
| 041 | _aeng | ||
| 082 |
_a621.3184 _bTEP/BA |
||
| 100 |
_aTepper, M . _96870 |
||
| 245 | _aBasic radio vol- 5 / | ||
| 250 | _a1 / | ||
| 260 |
_aMumbai : _bD B Taraporevala sons & Co. Pvt. Ltd. , _c1968. |
||
| 300 | _a64 ; . | ||
| 942 | _cBK | ||
| 999 |
_c8967 _d8967 |
||